Hoje há palhaços (Registo nº 4126)

Detalhes MARC
000 -Etiqueta do registo
Cabeçalho 00726nam0a2200241 4500
005 - Identificador da versão
Campo de controlo 20240904100857.0
100 ## - Dados gerais de processamento
Dados gerais de processamento 20190520d1976 a y0pory5003 ba
101 0# - Língua de publicação
Língua do texto, banda sonora, etc. Português
102 ## - Pais de publicação ou produção
País de publicação Portugal
200 1# - Titulo e menção de responsabilidade
Título próprio Hoje há palhaços
Primeira menção de responsabilidade António Torrado e Maria Alberta Menéres
Outras menções de responsabilidade il. Melo Frazão
210 ## - Publicação, Distribuição, etc. 
Lugar da edição, distribuição, etc. Lisboa
Nome do editor, distribuidor, etc. Plátano
Data da publicação, distribuição, etc. 1976
215 ## - Descrição física 
Indicação específica da natureza do documento e extensão da espécie 79, [1] p.
Outras indicações físicas il. color
225 1# - Colecção 
Título próprio da colecção A rã que ri
Indicação de volume 2
300 ## - Notas gerais 
Texto da nota PNL
606 ## - Nome comum usado como assunto
Número de registo de entrada de autoridade 0001414
Palavra de ordem Literatura portuguesa
Subdivisão de assunto Teatro
Código do sistema CA
675 ## - Classificação Decimal Universal (CDU)
Notação 821.134.3-2
Edição 3ª ed.
Língua da edição por
700 #1 - Nome de autor-pessoa física (responsabilidade principal)
Número de registo de entrada de autoridade 0002134
Palavra de ordem Torrado
Outra parte do nome não tomada para palavra de ordem António
Elementos de identificação ou distinção e outro
Datas 1939-
701 #1 - Nome de autor-pessoa física (co-responsabilidade principal)
Palavra de ordem Menéres
Outra parte do nome não tomada para palavra de ordem Maria Alberta
Elementos de identificação ou distinção e outro
Datas 1930-
Código de função Autor / Co-autor
702 #1 - Nome de autor-pessoa física (responsabilidade secundária)
Número de registo de entrada de autoridade 0000753
Palavra de ordem Frazão
Outra parte do nome não tomada para palavra de ordem Melo
Código de função Ilustrador / Técnico de desenho computorizado
942 ## - Elementos de entrada adicionados (Koha)
Tipo de item no Koha Livro
966 ## - Identificação da Biblioteca
Sigla EBVEN
Exemplares
Situação do levantamento Origin of item (home branch) (coded) Biblioteca de empréstimo Código de barras Cota Circulation type (not for loan) Tipo de documento Nota do exemplar Damaged status
  Biblioteca Escolar das Vendas Biblioteca Escolar das Vendas BEV496 8POR TOR PNL   Livro Sem mensagem  
  Biblioteca Escolar das Vendas Biblioteca Escolar das Vendas BEV497 8POR TOR PNL   Livro Sem mensagem